000 00603nam a22001817a 4500
999 _c3469
_d3426
008 190608b ||||| |||| 00| | eng d
020 _a9750810775
041 _atur
050 _aPL248.A4854
100 _9158
_aAltınel, Şavkar
245 _aGüneydeki Ülke : Gezi
250 _aYKY'de 1. Baskı
260 _aİstanbul:
_bYapı Kredi Yayınları,
_cNisan 2006
300 _a127 Sayfa
500 _aYapı Kredi Yayınları - 2327 Edebiyat - 710 1.Baskı : Oğlak Yayınları, 1996 (Güneydeki Ülke: Avustralya'da Bir Yolculuk adıyla)
650 0 _9145
_aTürk Edebiyatı
942 _2lcc
_cBK